000 01619nam a2200349 i 4500
001 117513
003 ES-MaACL
005 20250727144631.0
008 211227s2018 sp a s001 0bspa
020 _a9788415245742
040 _cES-MaACL
080 _a74 Weiss, Rosario (083.82)
100 1 _aSánchez Díez, Carlos.
_9173931
_eaut
245 1 0 _aDibujos de Rosario Weiss (1814-1843) :
_bcatálogo razonado /
_cCarlos Sánchez Díez ; [coordinación, realización y producción, Centro de Estudios Europa Hispánica]
260 _a[Madrid] :
_bBiblioteca Nacional de España :
_bMuseo Lázaro Galdiano :
_bCentro de Estudios Europa Hispánica,
_c[2018]
300 _a420 páginas :
_bilustraciones (color) ;
_c29 cm.
500 _aÍndice
500 _aCronología
500 _aApéndice documental
504 _aBibliografía: páginas 388-399.
585 _aCatálogo publicado con ocasión de la exposición homónima celebrada en la Biblioteca Nacional de España, Madrid, del 31 de enero al 22 de abril de 2018
600 1 4 _aWeiss, Rosario,
_d1814-1843
_9173932
700 1 _aWeiss, Rosario,
_d1814-1843
_9173932
_eart
710 2 _aBiblioteca Nacional de España
_ehis
_9234950
710 2 _aMuseo Lázaro Galdiano
_9220907
_eedt
710 2 _aCentro de Estudios Europa Hispánica
_9137568
_eedt
852 4 _aES-MaACL
_bR.152103
_cDEPO1
_dOlim: N-7811
_hDonacion: Biblioteca Nacional de España
_jA-14811
_xCartoné
_9121900
914 _aBiblioteca Nacional de España
_ednr
_9234950
942 _cMONOGRAFIA
_n0
999 _c117513
_d117513